[Event "Sao Bernardo do Campo op"]
[Site "Sao Bernardo do Campo"]
[Date "2013.06.29"]
[Round "4"]
[White "De Moraes, Luiz Gustavo"]
[Black "Caporale, Giuseppe Guido"]
[Result "0-1"]
[WhiteElo "1680"]
[BlackElo "1788"]
[PlyCount "21"]
[EventDate "2013.06.28"]
[EventType "swiss"]
[EventRounds "6"]
[EventCountry "BRA"]
[SourceTitle "EXT 2014"]
[Source "ChessBase"]
[SourceDate "2013.11.20"]
[SourceVersion "1"]
[SourceVersionDate "2013.11.20"]
[SourceQuality "1"]

1. e4 c5 2. Nc3 g6 3. Nge2 Bg7 4. d4 cxd4 5. Nxd4 Nc6 6. Nde2 Nf6 7. g3 d6 8. Bg2 Bd7 9. 0-0 Qc8 10. f3 e6 11. Nf4 0-1

[Event "Sao Bernardo do Campo op"]
[Site "Sao Bernardo do Campo"]
[Date "2012.10.16"]
[Round "5"]
[White "De Moraes, Luiz Gustavo"]
[Black "Barbosa, Rayssa A Ichimura G"]
[Result "1-0"]
[WhiteElo "1800"]
[BlackElo "1812"]
[PlyCount "67"]
[EventDate "2012.09.14"]
[EventType "swiss"]
[EventRounds "6"]
[EventCountry "BRA"]
[SourceTitle "CBM 150 Extra"]
[Source "ChessBase"]
[SourceDate "2012.10.19"]
[SourceVersion "1"]
[SourceVersionDate "2012.10.19"]
[SourceQuality "1"]

1. e4 d6 2. Nc3 Nf6 3. Nge2 e5 4. g3 Nbd7 5. Bg2 c6 6. d4 Be7 7. d5 0-0 8. 0-0 Re8 9. h3 Nf8 10. f4 cxd5 11. exd5 Bf5 12. fxe5 Be4 13. exf6 Bxg2 14. fxe7 Rxe7 15. Kxg2 Ng6 16. Bg5 f6 17. Bh4 Qe8 18. Nf4 Nxf4+ 19. Rxf4 g5 20. Rg4 Rg7 21. Ne4 Qe5 22. Nc3 h5 23. Re4 Qf5 24. Qxh5 gxh4 25. Qxf5 Rxg3+ 26. Kh2 Kf7 27. Rf1 Rg6 28. Qh5 Rag8 29. Rfe1 Kf8 30. Re8+ Kf7 31. Rxg8 Kxg8 32. Qxg6+ Kh8 33. Rg1 f5 34. Qg7# 1-0

[Event "Sao Bernardo do Campo op"]
[Site "Sao Bernardo do Campo"]
[Date "2012.09.15"]
[Round "3"]
[White "Bonifacio de Souza, Moira"]
[Black "De Moraes, Luiz Gustavo"]
[Result "1-0"]
[WhiteElo "1800"]
[BlackElo "1800"]
[PlyCount "109"]
[EventDate "2012.09.14"]
[EventType "swiss"]
[EventRounds "6"]
[EventCountry "BRA"]
[SourceTitle "CBM 150 Extra"]
[Source "ChessBase"]
[SourceDate "2012.10.19"]
[SourceVersion "1"]
[SourceVersionDate "2012.10.19"]
[SourceQuality "1"]

1. e4 e5 2. Nf3 d6 3. Nc3 Nd7 4. Bc4 h6 5. 0-0 Ngf6 6. Nd5 Nxe4 7. Re1 Nef6 8. Nxf6+ Nxf6 9. d4 e4 10. d5 Bd7 11. Nd2 Bf5 12. Bb5+ Bd7 13. Bxd7+ Qxd7 14. Nxe4 0-0-0 15. Qd4 Kb8 16. Nxf6 gxf6 17. Qxf6 Rg8 18. g3 Bg7 19. Qh4 Rde8 20. Rxe8+ Rxe8 21. Bxh6 Rh8 22. h3 Rxh6 23. Qg4 Qxg4 24. hxg4 Bxb2 25. Rb1 Bd4 26. Kg2 Bc5 27. Re1 a6 28. Re8+ Ka7 29. Re7 Rf6 30. f4 Kb6 31. c4 c6 32. Re2 cxd5 33. Rb2+ Kc7 34. cxd5 b6 35. a4 a5 36. Re2 Kd7 37. g5 Rg6 38. Kf3 f6 39. Re6 Bd4 40. Ke4 Bc3 41. Kf5 Rg8 42. g4 fxg5 43. fxg5 Bd2 44. g6 Rg7 45. Re2 Bc3 46. Rc2 Bd4 47. Rc4 Be5 48. Rc6 Bd4 49. Rc4 Bc5 50. Kf6 Rxg6+ 51. Kxg6 Ke7 52. g5 Kf8 53. Kh7 Be3 54. g6 Bc5 55. g7+ 1-0

[Event "Sao Bernardo do Campo op"]
[Site "Sao Bernardo do Campo"]
[Date "2012.09.15"]
[Round "4"]
[White "De Moraes, Luiz Gustavo"]
[Black "De Souza, Eduardo Pereira"]
[Result "0-1"]
[WhiteElo "1800"]
[BlackElo "1800"]
[PlyCount "36"]
[EventDate "2012.09.14"]
[EventType "swiss"]
[EventRounds "6"]
[EventCountry "BRA"]
[SourceTitle "CBM 150 Extra"]
[Source "ChessBase"]
[SourceDate "2012.10.19"]
[SourceVersion "1"]
[SourceVersionDate "2012.10.19"]
[SourceQuality "1"]

1. e4 e5 2. Nc3 c6 3. Nge2 Nf6 4. d4 Bd6 5. d5 c5 6. Ng3 b6 7. Nf5 Bf8 8. d6 Bb7 9. Bd3 Nc6 10. Nb5 Qb8 11. Nc7+ Kd8 12. Nxa8 Bxa8 13. Bg5 Nd4 14. 0-0 Nxf5 15. exf5 Bxd6 16. Bxf6+ gxf6 17. Re1 Qb7 18. f3 Kc7 0-1

[Event "Sao Bernardo do Campo LXSBC op 4th"]
[Site "Sao Bernardo do Campo"]
[Date "2012.07.14"]
[Round "4"]
[White "Da Silva, Moises Sales"]
[Black "De Moraes, Luiz Gustavo"]
[Result "0-1"]
[WhiteElo "1800"]
[BlackElo "1800"]
[PlyCount "63"]
[EventDate "2012.07.13"]
[EventType "swiss"]
[EventRounds "6"]
[EventCountry "BRA"]
[SourceTitle "CBM 149 Extra"]
[Source "ChessBase"]
[SourceDate "2012.08.24"]
[SourceVersion "1"]
[SourceVersionDate "2012.08.24"]
[SourceQuality "1"]

1. d4 d5 2. c4 e6 3. Nf3 Nf6 4. Bg5 Be7 5. h3 0-0 6. e3 Nbd7 7. Nc3 c6 8. Rc1 Ne4 9. Bxe7 Qxe7 10. Bd3 Ndf6 11. Qc2 Bd7 12. a3 Nxc3 13. Qxc3 Ne4 14. Qc2 f5 15. Nd2 Nxd2 16. Qxd2 Qf6 17. f4 Qh4+ 18. Kd1 c5 19. Kc2 cxd4 20. Kb1 Qf6 21. g4 dxe3 22. Qxe3 d4 23. Qf2 Bc6 24. Rh2 Be4 25. Rd1 Bxd3+ 26. Rxd3 fxg4 27. hxg4 Qxf4 28. Qg1 Qf1+ 29. Qxf1 Rxf1+ 30. Kc2 e5 31. Rg2 Raf8 32. Rdd2 0-1

[Event "Sao Bernardo do Campo LXSBC op 4th"]
[Site "Sao Bernardo do Campo"]
[Date "2012.07.14"]
[Round "3"]
[White "De Moraes, Luiz Gustavo"]
[Black "Nascimento, Jose Eduardo Campos"]
[Result "0-1"]
[WhiteElo "1800"]
[BlackElo "1877"]
[PlyCount "124"]
[EventDate "2012.07.13"]
[EventType "swiss"]
[EventRounds "6"]
[EventCountry "BRA"]
[SourceTitle "CBM 149 Extra"]
[Source "ChessBase"]
[SourceDate "2012.08.24"]
[SourceVersion "1"]
[SourceVersionDate "2012.08.24"]
[SourceQuality "1"]

1. e4 e5 2. Nf3 d6 3. Nc3 c6 4. d4 Qc7 5. d5 Bg4 6. Be2 a6 7. 0-0 c5 8. h3 Bh5 9. Rb1 b5 10. a3 h6 11. Qd2 g5 12. Nh2 Bg6 13. Qd1 Nf6 14. Ng4 Nbd7 15. Nxf6+ Nxf6 16. Bf3 Qd7 17. Bg4 Nxg4 18. Qxg4 f5 19. exf5 Bxf5 20. Qg3 b4 21. axb4 cxb4 22. Na2 Bxc2 23. Ra1 Qb5 24. Qf3 Bg7 25. Qh5+ Ke7 26. Qf3 Raf8 27. Qe3 Rf7 28. Qd2 Bd3 29. Rd1 e4 30. Nxb4 Rhf8 31. Nxd3 exd3 32. Qxd3 Qxd3 33. Rxd3 Rxf2 34. Be3 Rxb2 35. Rc1 Kf7 36. Rc7+ Kg6 37. Ra3 Rb1+ 38. Kh2 Rff1 39. Rxg7+ Kxg7 40. Ra2 Kg6 41. g4 Rf3 42. Ba7 Rd3 43. Re2 Rxd5 44. Re6+ Kf7 45. Re3 Rb7 46. Rf3+ Ke6 47. Be3 Rb3 48. Kg3 Rdd3 49. Kf2 d5 50. Rf8 Rb2+ 51. Kf3 d4 52. Ke4 Rxe3+ 53. Kxd4 Ra3 54. Ra8 Kd6 55. Kc4 Kc6 56. Rh8 Rxh3 57. Rg8 Rc2+ 58. Kd4 Kb6 59. Rg6+ Kb5 60. Ke5 Rc4 61. Kd5 a5 62. Rf6 Rf4 0-1

[Event "Mogi das Cruzes op 06"]
[Site "Mogi das Cruzes"]
[Date "2012.06.23"]
[Round "3"]
[White "De Almeida, Jefferson Silva"]
[Black "De Moraes, Luiz Gustavo"]
[Result "1-0"]
[WhiteElo "1742"]
[BlackElo "1800"]
[PlyCount "81"]
[EventDate "2012.06.22"]
[EventType "swiss"]
[EventRounds "6"]
[EventCountry "BRA"]
[SourceTitle "CBM 149 Extra"]
[Source "ChessBase"]
[SourceDate "2012.08.24"]
[SourceVersion "1"]
[SourceVersionDate "2012.08.24"]
[SourceQuality "1"]

1. d4 d5 2. c4 e6 3. Nc3 Nf6 4. Bg5 Be7 5. Nf3 0-0 6. e3 Bd7 7. cxd5 Nxd5 8. Nxd5 exd5 9. Bf4 Nc6 10. Bd3 h6 11. 0-0 Bf6 12. a3 a6 13. Rc1 Rc8 14. Qb3 Be6 15. Qxb7 Na5 16. Qb4 Nc4 17. Bxc4 dxc4 18. Nd2 Bd5 19. Nxc4 Be7 20. Qa5 Bb7 21. Ne5 Bd6 22. Nd3 Bxf4 23. Nxf4 Qd6 24. Qc5 Qd7 25. f3 c6 26. Nh5 Qe6 27. e4 Rfd8 28. Rfd1 Qg6 29. Ng3 Qg5 30. Nf5 Rd7 31. Qe5 Rcd8 32. Rc4 Qf6 33. Qxf6 gxf6 34. Nxh6+ Kh7 35. Nf5 Kg6 36. Rc5 Rc8 37. Rd3 Rh8 38. f4 Kh7 39. Rg3 Rg8 40. Rh3+ Kg6 41. Rh6# 1-0